Evolution to an effective and enduring SPC system.

Skúsenosti z budovania systému štatistického riadenia výrobných procesov v americkom závode na výrobu pneumatík. Niektoré prvky systému sa postupne zavádzali od r. 1983, bez výraznejšieho úspechu. Nedôslednosti tohoto systému. V r. 1986 došlo k reštrukturácii a dobudovaniu trvalého efektívneho systé...

Celý popis

Uložené v:
Podrobná bibliografia
Hlavný autor: Cantello, F.X
Ďalší autori: Chalmers, J.E, Evans, J.E
Médium: Kapitola
Jazyk:English
Predmet:
Tagy: Pridať tag
Žiadne tagy, Buďte prvý, kto otaguje tento záznam!

MARC

LEADER 00000naa a2200000 4500
001 r002092
005 20220909074312.1
041 0 |a eng 
044 |a US 
245 1 0 |a Evolution to an effective and enduring SPC system.  |c F.X. Cantello, J.E. Chalmers, J.E. Evans 
520 |a Skúsenosti z budovania systému štatistického riadenia výrobných procesov v americkom závode na výrobu pneumatík. Niektoré prvky systému sa postupne zavádzali od r. 1983, bez výraznejšieho úspechu. Nedôslednosti tohoto systému. V r. 1986 došlo k reštrukturácii a dobudovaniu trvalého efektívneho systému SŠR v 6 fázach, ktoré sa podrobne popisujú. 
610 2 0 |a riadenie výroby 
610 2 0 |a systémy štatistické 
610 2 0 |a USA 
610 2 0 |a 1983 
610 2 0 |a 1986 
610 2 0 |a priemysel gumársky 
610 2 0 |a podnik priemyselný 
610 2 0 |a efektívnosť 
100 1 |a Cantello, F.X. 
700 1 |a Chalmers, J.E. 
700 1 |a Evans, J.E.